Statystyki dla Zatoki Morza Bałtyckiego

Kliknij tutaj aby rozwiązać quiz!

Ogólne statystyki

  • Ten quiz został rozwiązany 109 razy
  • Średni wynik to 4 z 8

Statystyki odpowiedzi

PaństwaZatoka% Poprawnych
Estonia, Finlandia, RosjaFińska
91%
Szwecja, FinlandiaBotnicka
88%
Polska, RosjaGdańska
83%
Łotwa, EstoniaRyska
74%
Polska, NiemcyPomorska
38%
NiemcyKilońska
12%
NiemcyMeklemburska
10%
NiemcyLubecka
9%

Rozkład punktacji

Percentyl według liczby udzielonych odpowiedzi

Procent ludzi z każdym wynikiem

Twoja historia wyników

Nie rozwiązałeś tego quizu